Deviner les personnages de Molière, l'opéra urbain - Statistiques

Statistiques générales
  • Ce quiz a été pris 335 fois
  • Le résultat moyen est 7 sur 13
Statistiques - réponses
Acteurs Personnages % Correct
PetitTom Molière / Jean-Baptiste Poquelin
100%
Shaïna Pronzola Marquise
75%
Lou Armande Béjart
71%
Abi Bernadoth Prince de Conti
71%
Vike Louis Béjart
69%
Morgan Madeleine Béjart
68%
David Alexis Jean Poquelin
57%
Basile Joseph Béjart
56%
Arezki Louis XIV
45%
Théadule Mme Calvimont / Catherine
31%
David Dax Beau René / Péréfixe
28%
Vincent Cordier Montfleury / De Cosnac
18%
Maia Girard L'habilleuse
5%
Aucun quiz correspondant
Distribution des résultats
% des personnes avec chaque résultat
Percentile par nombre de réponses
Votre historique - résultats
Vous n’avez pas pris ce quiz